Villes ayant accueilli des matchs de Gold Cup - Statistiques

Statistiques générales
  • Ce quiz a été pris 8 fois
  • Le résultat moyen est 24 sur 56
Statistiques - réponses
Pays Ville % Correct
USA Los Angeles
100%
USA New york/East Rutherford
100%
USA Chicago
88%
Guatemala Guatemala
88%
USA Las Vegas/Paradise
88%
Mexique Mexico
88%
USA Miami
88%
USA Seattle
88%
Canada Toronto
88%
Canada Vancouver
88%
USA Washington
88%
USA Houston
75%
Jamaïque Kingston
75%
USA Philadelphie
75%
Haiti Port au Prince
75%
USA Portland
75%
Costa Rica San José
75%
USA Austin
63%
USA Dallas/Frisco
63%
USA Denver
63%
USA Detroit
63%
USA Glendale/Phoenix
63%
USA Nashville
63%
Salvador San Salvador
63%
Honduras Tegucigalpa
63%
USA Atlanta
50%
USA Baltimore
50%
Trinidad et Tobago Port d'Espagne
50%
USA Saint Louis
50%
USA Saint Paul/Minneapolis
50%
USA Salt Lake City/Sandy
50%
USA Cleveland
38%
USA San Antonio
38%
USA San Diego
38%
USA Charlotte
25%
USA Kansas City
25%
USA Cincinnati
13%
Costa Rica San Juan
13%
USA Tampa
13%
Costa Rica Alajuela
0%
USA Anaheim
0%
Trinidad et Tobago Arima
0%
USA Arlington
0%
USA Carson
0%
USA Colombus
0%
USA Foxborough
0%
USA Harrison
0%
USA Hartford
0%
USA Oakland
0%
USA Pasadena
0%
Canada Saint John
0%
Trinidad et Tobago San Fernando
0%
Mexique San Nicolas
0%
Salvador Santa Ana
0%
USA Santa Clara
0%
Canada Victoria
0%
Aucun quiz correspondant
Distribution des résultats
% des personnes avec chaque résultat
Percentile par nombre de réponses
Votre historique - résultats
Vous n’avez pas pris ce quiz